| 000 | 004350000a22001810004500 | ||
|---|---|---|---|
| 003 | MACL | ||
| 005 | 20150826133420.0 | ||
| 008 | 150826b xxu||||| |||| 00| 0 eng d | ||
| 040 |
_aMACL _cMACL |
||
| 041 | _aEnglish | ||
| 082 | _a780/SAN | ||
| 100 |
_aSanta, Kovela _97552 |
||
| 245 |
_aHeight Of Karnatic Music _bPart 1 |
||
| 260 |
_bKovela Santa _c2005 _aHyderabad |
||
| 350 | _a135 | ||
| 650 |
_aMusic _97553 |
||
| 942 |
_cBK _k780 _2ddc |
||
| 999 |
_c2176 _d2176 |
||